Organic pest [and] disease control : how to grow a healthy, problem-free garden

Αποθηκεύτηκε σε:
Λεπτομέρειες βιβλιογραφικής εγγραφής
Άλλοι συγγραφείς: Ellis, Barbara W. (Επιμελητής έκδοσης)
Μορφή: Βιβλίο
Γλώσσα:English
Δημοσίευση: Boston : Houghton Mifflin, 1997
Σειρά:Taylor's weekend gardening guides ; ; 1
Θέματα:
Ετικέτες: Προσθήκη ετικέτας
Δεν υπάρχουν, Καταχωρήστε ετικέτα πρώτοι!

MARC

LEADER 00000nam a2200000 i 4500
001 1/80502
008 080404s1997 eng d
020 |a 0-395-81370-0 (pbk.) 
035 |l 10096230 
040 |a GR-MY-UA  |b gre  |e aacr 
041 0 |a eng 
082 0 |a 635.92  |2 (22) 
245 1 0 |a Organic pest [and] disease control :  |b how to grow a healthy, problem-free garden /  |c Barbara Ellis, editor 
246 3 3 |a Organic pest and disease control 
260 |a Boston :   |b Houghton Mifflin,   |c 1997 
300 |a 121 σ.;  |b εικ. (μερ. έγχρ.), χάρτης;  |c 24 εκ. 
490 1 |a Taylor's weekend gardening guides  |v ; 1 
504 |a Ευρετήριο: σ. 118-121 
650 0 0 |a Garden pests  |x Control. 
650 0 0 |a Organic gardening. 
650 0 0 |a Plant diseases. 
650 0 0 |a Plants, Protection of. 
700 1 |a Ellis, Barbara W.  |4 edt 
830 0 |a Taylor's weekend gardening guides ;  |v ; 1 
852 |a INST  |b LESVOS  |e 20080404  |h 571.92 ORG  |p 005100038671  |q 005100038671  |t BK  |y 0 
901 |a BIBL1-2008-1 
909 |a Λ  |b 143268 
922 |a 1ΕΛΗ  |b 200712  |c ΕΠΕΑΕΚ2/ΤΠ  |d ΠΑΠΑΣΩΤΗΡΙΟΥ 
970 |a ΓΙΑΛΑΜΑ  |b ΜΑΡΙΑ  |z 2008/04/04